01259nas a2200205 4545000010003000000050017000030080037000200030015000570400040000720800064001122450034001762640034002103100066002445050571003100410008008811000021008896500017009106500030009278560096009577020260407193503.0260407s1999####ag###########|||spa#dAR-UNSa-BCEJYS aAR-UNSa-BCEJYSbspacAR-UNSa-BCEJYS a658xAdministración de empresas. Organización comercial10aProfesional & EmpresariapD&G 1aBuenos Aires :bErreparc1999 aMensual Cambia de Dir. a partir del Nº 94 por Armando Casal  aPublicación mensual encuadernable, dedicada a temas de contabilidad, auditoría, costos, planeamiento y control, administración, negociación y mediación, finanzas y economía empresaria y comercio electrónico, entre otros. Su contenido integra una cabal conjunción de doctrina con ensayos académicos, informes técnicos y diversos trabajos de consultoría y asesoría. Asimismo se incluyen también secciones de ju-risprudencia profesional (íntegra, comentada y sumaria) y de documentación técnica con los pronunciamientos más relevantes. aspa1 aWainstein, Mario aCONTABILIDAD aADMINISTRACION FINANCIERA41uhttps://biblioeco.unsa.edu.ar/pmb/images/revistas/R21032.jpgyImagen de portadaqimage/jpeg